VTEI a informačné systémy riadenia Konferencia

Na minha lista:
Detalhes bibliográficos
Formato: Livro
Idioma:eslovaco
Publicado em: Bratislava Dom techn. ČSVTS 1988
Tags: Adicionar Tag
Sem tags, seja o primeiro a adicionar uma tag!

MARC

LEADER 00000nam a2200000 4500
001 c030798
005 20250929133853.4
041 0 |a slo 
044 |a SK 
245 1 0 |a VTEI a informačné systémy riadenia  |b Konferencia 
264 1 |a Bratislava  |b Dom techn. ČSVTS  |c 1988 
300 |a 55 s.